01343nam a2200385 i 450000500170000000800410001702000180005804000350007604100080011108200140011910000250013324501540015825000220031226400330033430000470036733600270041433700330044133800280047450000210050250000210052352100360054465000200058065000230060065000180062365000270064165000280066865000270069665000290072365000230075270000460077570000630082170000460088494200120093099900150094220220317000202.0141031s2011 ck a gs 000 0 spa d a9789583018497 aCO-BoRNBPbspacCO-BoRNBPerda0 aspa04a909bC41l1 aClarke, Pennyeautor10aLíneas del tiempo : fechas históricas del mundocPenny Clarke ; traducido por Lina María Pérez Gaviria ; ilustrado por David Antram [y otros] aPrimera edición 1aBogotábPanamericanac2011 a64 páginasbilustraciones a colorc29 cm atextobtxt2rdacontent asin mediaciónbn2rdamedia avolumenbnc2rdacarrier aIncluye glosario aIncluye índice aRecomendado desde los 12 años14aComunismo2LEMB14aCronología2LEMB14aGuerras2LEMB14aHistoria antigua2LEMB14aHistoria medieval2LEMB14aHistoria moderna2LEMB14aHistoria universal2LEMB14aRevoluciones2LEMB1 aAntram, David,d1958-,eilustrador9184881 aPérez Gaviria, Lina María,d1949-,etraductora91300851 aMontes Ferrando, Monica,eeditora9130086 2ddccBK c3338d3338